[Event "Canadian op 48th U2000"]
[Site "Toronto"]
[Date "2011.07.15"]
[Round "7"]
[White "Todd, Adie"]
[Black "Laporte, Richard"]
[Result "1/2-1/2"]
[WhiteElo "1665"]
[BlackElo "1606"]
[PlyCount "112"]
[EventDate "2011.07.09"]
[EventType "swiss"]
[EventRounds "9"]
[EventCountry "CAN"]
[SourceTitle "EXT 2022"]
[Source "ChessBase"]
[SourceDate "2021.10.06"]
[SourceVersion "1"]
[SourceVersionDate "2021.10.06"]
[SourceQuality "1"]

1. d4 d5 2. c4 e6 3. Nc3 Nf6 4. Nf3 Nbd7 5. cxd5 exd5 6. Bf4 a6 7. e3 Be7 8. Bd3 0-0 9. Qc2 c5 10. dxc5 Nxc5 11. Be2 b5 12. a3 Bb7 13. 0-0 Rc8 14. Rac1 Nfe4 15. Qd1 Nxc3 16. Rxc3 Bf6 17. Be5 Bxe5 18. Nxe5 Qf6 19. Ng4 Qd6 20. h3 f5 21. Nh2 Na4 22. Rxc8 Rxc8 23. Qd2 Qf6 24. b3 Qb2 25. Qxb2 Nxb2 26. Rb1 Rc2 27. Bf1 f4 28. Nf3 fxe3 29. fxe3 Bc8 30. Nd4 Rd2 31. Rc1 Bd7 32. Nf3 Nd3 33. Rc3 Ra2 34. Bxd3 Rxa3 35. Nd4 g6 36. Rc7 Be8 37. Kf2 a5 38. Rc3 a4 39. Nc2 Rxb3 40. Rxb3 axb3 41. Nd4 b2 42. Ke1 b4 43. Bb1 g5 44. g4 h5 45. Kd2 hxg4 46. hxg4 Bd7 47. Nf5 Kf7 48. Bd3 Kf6 49. Kc2 Ba4+ 50. Kxb2 Bd1 51. Nh6 Ke6 52. Bc2 Bf3 53. Kb3 Kf6 54. Kxb4 Kg7 55. Nf5+ Kg6 56. Nh6+ Kg7 1/2-1/2